Γραμματισμός, κοινωνία και εκπαίδευση : (πέντε μελέτες)

Αποθηκεύτηκε σε:
Λεπτομέρειες βιβλιογραφικής εγγραφής
Συγγραφή απο Οργανισμό/Αρχή: Αριστοτέλειο Πανεπιστήμιο Θεσσαλονίκης. Ινστιτούτο Νεοελληνικών Σπουδών
Άλλοι συγγραφείς: Χαραλαμπόπουλος, Αγαθοκλής Λ. (Επιμελητής έκδοσης), Αραποπούλου, Μαρία (trlf)
Μορφή: Βιβλίο
Γλώσσα:Greek
English
Δημοσίευση: Θεσσαλονίκη : Αριστοτέλειο Πανεπιστήμιο Θεσσαλονίκης, Ινστιτούτο Νεοελληνικών Σπουδών, Ίδρυμα Μανόλη Τριανταφυλλίδη, 2006.
Θέματα:
Ετικέτες: Προσθήκη ετικέτας
Δεν υπάρχουν, Καταχωρήστε ετικέτα πρώτοι!

MARC

LEADER 00000cam a2200000 i 4500
001 1/19347
008 120509s2006 gr | ||| |||| ||gre||
020 |a 9602311231 
035 |l 10112399 
040 |a GR-MY-UA  |b gre  |e aacr 
041 1 |a gre  |h eng 
082 7 |a 302.2244   |2 (22) 
245 0 0 |a Γραμματισμός, κοινωνία και εκπαίδευση :   |b (πέντε μελέτες) /   |c επιλογή κειμένων και επιμέλεια: Α. Χαραλαμπόπουλος ; μετάφραση: Μ. Αραποπούλου, Ε. Κονσούλη, Δ. Κορομπόκης, Λ. Κουφάκη. 
260 |a Θεσσαλονίκη :   |b Αριστοτέλειο Πανεπιστήμιο Θεσσαλονίκης, Ινστιτούτο Νεοελληνικών Σπουδών, Ίδρυμα Μανόλη Τριανταφυλλίδη,   |c 2006.  
300 |a 227 σ. ;   |c 24 εκ. 
500 |a Μετάφραση των: Literacy and the literacy myth: from Plato to Freire / J. P. Gee ; Language, literacy and education / G. Wells ; Literacy, every day talk and society /R. Hasan ; Cyber-Schooling and technological change / C.Luke 
504 |a Περιέχει βιβλιογραφικές παραπομπές και ευρετήριο. 
650 0 0 |a Literacy  |x Social aspects. 
650 0 0 |a Sociolinguistics. 
650 0 0 |a Literacy. 
650 0 0 |a Educational sociology. 
700 1 |a Χαραλαμπόπουλος, Αγαθοκλής Λ.  |e edt 
700 1 |a Αραποπούλου, Μαρία,  |e trlf 
710 2 |a Αριστοτέλειο Πανεπιστήμιο Θεσσαλονίκης.   |b Ινστιτούτο Νεοελληνικών Σπουδών. 
852 |a INST  |b RHODES  |e 20120509  |h 302.2244 ΓΡΑ  |p 005400034363  |q 005400034363  |t BK  |y 0 
852 |a INST  |b RHODES  |c EUDOXUS  |e 20170111  |h 302.2244 ΓΡΑ  |p 005400038987  |q 005400038987  |t EDX  |y 0 
901 |a BIBL4-2012-2 
909 |a Ρ  |b 170999 
920 |a Εύδοξος  |b Παραγγελία  |y Ρόδος-ΤΜΣ  |z 2017-01 
970 |z 2012/05/09